[Event "Kalamazoo (MI Am/2/25)"]
[Site "?"]
[Date "1997.??.??"]
[Round "?"]
[White "Mahabir, Jagdesh"]
[Black "Kotman, Stuart"]
[Result "1-0"]
[WhiteElo "1605"]
[BlackElo "1605"]
[PlyCount "101"]
[EventDate "1997.??.??"]

{2/(25)} 1. d4 Nf6 2. e3 g6 3. Bd3 Bg7 4. Nd2 d6 5. Ngf3 O-O 6. O-O Nbd7 7. c3
Re8 8. Ng5 e5 9. Qc2 h6 10. Nge4 d5 11. Nxf6+ Qxf6 12. Be2 Qd6 13. f4 exd4 14.
cxd4 Bxd4 15. exd4 Rxe2 16. Qd3 Qe7 17. Nf3 Nf6 18. Rb1 c6 19. Ra1 Bf5 20. Qd1
Bc2 21. Qxe2 Qxe2 22. Bd2 Qb5 23. Bc3 Qb6 24. Ne5 Qc7 25. Rf2 Be4 26. Re1 b5
27. b4 Bf5 28. Rf3 Ne4 29. g4 Be6 30. f5 gxf5 31. gxf5 Nxc3 32. fxe6 fxe6 33.
Rg3+ Kf8 34. Rf1+ Ke7 35. Rf7+ Kd8 36. Rxc7 Kxc7 37. Rxc3 Kb7 38. Nxc6 Rf8 39.
Na5+ Kb8 40. Rc6 Rg8+ 41. Kf2 Rf8+ 42. Kg3 Rg8+ 43. Kf4 Rf8+ 44. Ke5 Rf2 45.
Kd6 e5 46. Kxe5 Rxh2 47. Rg6 h5 48. Kd6 a6 49. Kc6 Rc2+ 50. Kd6 h4 51. Nc6+ 1-0

[Event "Lansing (MOR/6/21)"]
[Site "?"]
[Date "1997.??.??"]
[Round "?"]
[White "Mahabir, Jagdesh"]
[Black "Gatesy, Matthew"]
[Result "1-0"]
[WhiteElo "1605"]
[BlackElo "1605"]
[PlyCount "83"]
[EventDate "1997.??.??"]

{6/(21)} 1. d4 d5 2. Bf4 Nf6 3. e3 Nc6 4. Bd3 e6 5. Nf3 Bd6 6. Bg3 Qe7 7. c3
Bd7 8. Nbd2 a6 9. Bh4 h6 10. e4 dxe4 11. Nxe4 O-O-O 12. Bg3 Nxe4 13. Bxe4 Bxg3
14. fxg3 f5 15. Bd3 g5 16. Qe2 g4 17. Ne5 Nxe5 18. Qxe5 Qf7 19. a4 h5 20. b4 h4
21. Ke2 hxg3 22. hxg3 Rxh1 23. Rxh1 Bxa4 24. Bc4 Bd7 25. Ra1 Bb5 26. Bxb5 axb5
27. Ra8+ Kd7 28. Qxb5+ Ke7 29. Rxd8 Kxd8 30. Qxb7 f4 31. Qb8+ Kd7 32. Qb5+ Kd8
33. Qg5+ Qe7 34. Qxe7+ Kxe7 35. gxf4 Kf6 36. Ke3 Kf5 37. g3 c6 38. c4 Kf6 39.
Ke4 Ke7 40. Ke5 Kf7 41. f5 exf5 42. Kxf5 1-0

[Event "Kalamazoo (MI Am/1/20)"]
[Site "?"]
[Date "1997.??.??"]
[Round "?"]
[White "Lueer, Michael"]
[Black "Munger, Larry"]
[Result "0-1"]
[WhiteElo "1605"]
[BlackElo "1680"]
[PlyCount "66"]
[EventDate "1997.??.??"]

{1/(20)} 1. d4 Nf6 2. f3 g6 3. e4 d6 4. Nc3 Bg7 5. Bg5 O-O 6. Bc4 c5 7. d5 a6
8. a4 Nbd7 9. Nge2 Nb6 10. b3 Nxc4 11. bxc4 Nd7 12. O-O Ne5 13. f4 Nxc4 14. f5
Ne5 15. Nf4 f6 16. fxg6 fxg5 17. gxh7+ Kh8 18. Ne6 Bxe6 19. Rxf8+ Qxf8 20. dxe6
Qf6 21. Nd5 Qg6 22. Nxe7 Qxe6 23. Nf5 Bf8 24. Qh5 Qg6 25. Qd1 Rd8 26. Rb1 Qxh7
27. Rb6 Nc4 28. Qd5 Nxb6 29. Qb3 Re8 30. Qxb6 Rxe4 31. h3 Qxf5 32. Qxb7 Re1+
33. Kh2 Qf4+ 0-1

[Event "Kalamazoo (MI Am/3/37)"]
[Site "?"]
[Date "1997.??.??"]
[Round "?"]
[White "Lueer, Michael"]
[Black "Dezerne, T."]
[Result "1-0"]
[WhiteElo "1605"]
[BlackElo "1605"]
[PlyCount "55"]
[EventDate "1997.??.??"]

{3/(37)} 1. d4 e6 2. f3 Nf6 3. e4 Bd6 4. e5 Be7 5. exf6 Bxf6 6. Bf4 Nc6 7. Ne2
Qe7 8. a3 e5 9. dxe5 Nxe5 10. Nbc3 Nc6 11. Nd5 Qe6 12. Nxc7+ Kd8 13. Nxe6+ fxe6
14. Nc3 e5 15. Bg3 Re8 16. Bd3 h6 17. O-O d6 18. Nd5 Bg5 19. f4 Be7 20. Nxe7
Kxe7 21. Bh4+ Kf8 22. fxe5+ Kg8 23. Bc4+ Be6 24. Bxe6+ Rxe6 25. exd6 g5 26. Qd5
Nd8 27. Bxg5 h5 28. Bxd8 1-0

[Event "Kalamazoo (MI Am/4/25)"]
[Site "?"]
[Date "1997.??.??"]
[Round "?"]
[White "Lueer, Michael"]
[Black "Carpenter, George"]
[Result "0-1"]
[WhiteElo "1605"]
[BlackElo "1605"]
[PlyCount "54"]
[EventDate "1997.??.??"]

{4/(25)} 1. d4 Nf6 2. f3 g6 3. e4 d6 4. Nc3 Bg7 5. Bb5+ c6 6. Ba4 O-O 7. Be3
Nbd7 8. Nge2 b5 9. Bb3 Qc7 10. Qd2 Nb6 11. a4 b4 12. Na2 a5 13. O-O-O Ba6 14.
g4 Nc4 15. Bxc4 Bxc4 16. b3 Bxe2 17. Qxe2 c5 18. g5 Nd7 19. Qf2 c4 20. Kb2 Nc5
21. bxc4 Rfc8 22. c3 Nxa4+ 23. Kb3 Qxc4+ 24. Kxa4 bxc3+ 25. Ka3 c2 26. Rc1 Qd3+
27. Ka4 Rc4+ 0-1

[Event "Michigan Senior"]
[Site "Ann Arbor, MI"]
[Date "1997.??.??"]
[Round "3.2"]
[White "Lin, A.M.T."]
[Black "LaForge, Tom"]
[Result "1-0"]
[WhiteElo "2215"]
[BlackElo "1965"]
[PlyCount "41"]
[EventDate "1997.??.??"]

{3/(2)} 1. d4 e6 2. Nf3 d5 3. c4 Nf6 4. Bg5 Be7 5. Nbd2 O-O 6. e3 h6 7. Bh4 b6
8. Rc1 c6 9. Bd3 Bb7 10. O-O Nbd7 11. h3 Nh5 12. Bxe7 Qxe7 13. Ne5 Nxe5 14.
dxe5 g6 15. Qc2 Kh7 16. c5 Ng7 17. Nf3 Nf5 18. g4 Nh4 19. Nd4 b5 20. a4 a6 21.
f4 {[Remainder illegible]} 1-0

[Event "Tecumseh (RVO/4/23)"]
[Site "?"]
[Date "1997.??.??"]
[Round "?"]
[White "Ligon, S."]
[Black "Prezkop, M."]
[Result "1-0"]
[WhiteElo "1605"]
[BlackElo "1605"]
[PlyCount "81"]
[EventDate "1997.??.??"]

{4/(23)} 1. c4 e5 2. Nc3 Nf6 3. e3 Be7 4. d4 e4 5. Nge2 d5 6. cxd5 Nxd5 7. Bd2
O-O 8. Qb3 Be6 9. Qxb7 Nd7 10. Nxd5 Rb8 11. Nxe7+ Qxe7 12. Qxe4 Rxb2 13. Rb1
Qa3 14. Rxb2 Qxb2 15. Ng3 g6 16. Be2 Qa1+ 17. Bd1 Qxa2 18. Qc2 Rb8 19. Qxa2
Bxa2 20. O-O Rb5 21. Ba4 Rd5 22. Ra1 Bc4 23. Bxd7 Rxd7 24. Rxa7 f5 25. f4 Kf7
26. Ba5 Ke6 27. Rxc7 Rxc7 28. Bxc7 Kd5 29. Kf2 Bd3 30. Ne2 Kc6 31. Ba5 Kd5 32.
h3 Be4 33. Nc3+ Ke6 34. Nxe4 fxe4 35. g4 Kd5 36. Kg3 Ke6 37. Kh4 Kf6 38. d5 Ke7
39. Bb4+ Kd7 40. d6 Kc6 41. Kg5 1-0

[Event "Tecumseh (RVO/1/26)"]
[Site "?"]
[Date "1997.??.??"]
[Round "?"]
[White "Ligon, S."]
[Black "Frantz, John W"]
[Result "1-0"]
[WhiteElo "1605"]
[BlackElo "1605"]
[PlyCount "63"]
[EventDate "1997.??.??"]

{1/(26)} 1. e4 c5 2. Nf3 d6 3. d4 cxd4 4. Nxd4 Nf6 5. Nc3 a6 6. Bg5 Nbd7 7. Qd2
e5 8. Nf5 Nc5 9. Ng3 Be7 10. f3 Be6 11. O-O-O b5 12. Bxf6 gxf6 13. Nh5 Nb7 14.
Ng7+ Kf8 15. Qh6 Kg8 16. Nxe6 fxe6 17. g4 Bf8 18. Qh5 b4 19. Na4 Qa5 20. b3 Nc5
21. Nxc5 Qxc5 22. Kb1 Rc8 23. Bc4 Kg7 24. Rhg1 h6 25. Rc1 d5 26. exd5 exd5 27.
Bd3 Be7 28. Qg6+ Kf8 29. Bf5 Rc7 30. a4 Qe3 31. Be6 Bd8 32. Bxd5 1-0

[Event "Kalamazoo (MI Am/4/3)"]
[Site "?"]
[Date "1997.??.??"]
[Round "?"]
[White "Libby, Dan"]
[Black "Hater, David"]
[Result "0-1"]
[WhiteElo "1705"]
[BlackElo "1970"]
[PlyCount "29"]
[EventDate "1997.??.??"]

{4/(3)} 1. c4 Nf6 2. Nc3 d5 3. cxd5 Nxd5 4. Nf3 g6 5. e4 Nxc3 6. bxc3 Bg7 7. d4
c5 8. Be3 Nc6 9. Bb5 O-O 10. a3 cxd4 11. Bxc6 dxe3 12. O-O Qxd1 13. Raxd1 exf2+
14. Rxf2 bxc6 15. Nd4 {[Remainder illegible]} 0-1

[Event "Kalamazoo (MI Am/2/17)"]
[Site "?"]
[Date "1997.??.??"]
[Round "?"]
[White "Libby, Dan"]
[Black "Demott, K."]
[Result "1-0"]
[WhiteElo "1705"]
[BlackElo "1605"]
[PlyCount "67"]
[EventDate "1997.??.??"]

{2/(17)} 1. c4 Nf6 2. Nc3 e6 3. e4 d5 4. cxd5 exd5 5. e5 Ne4 6. Nxe4 dxe4 7.
Qa4+ Nc6 8. Qxe4 Qd4 9. Qxd4 Nxd4 10. Bd3 Bf5 11. Bxf5 Nxf5 12. Nf3 Bc5 13. O-O
O-O-O 14. Ng5 Rdf8 15. d3 h6 16. Ne4 Bd4 17. Bf4 Bxb2 18. Rab1 Bd4 19. Rb4 g5
20. Ng3 gxf4 21. Nxf5 Bxe5 22. Rfb1 b6 23. d4 Bf6 24. d5 Be5 25. Ne7+ Kb7 26.
Nc6 Bd6 27. R4b3 Re8 28. Kf1 Rhg8 29. a4 Rg5 30. Rd1 h5 31. a5 f3 32. axb6 cxb6
33. gxf3 Bc5 34. Rb2 {[Remainder illegible]} 1-0

[Event "Kalamazoo (MI Am/3/3)"]
[Site "?"]
[Date "1997.??.??"]
[Round "?"]
[White "Levadi, David"]
[Black "Sanborn, Richard"]
[Result "0-1"]
[WhiteElo "1900"]
[BlackElo "1770"]
[PlyCount "54"]
[EventDate "1997.??.??"]

{3/(3)} 1. Nf3 d5 2. g3 c6 3. Bg2 Nf6 4. O-O g6 5. d3 Bg7 6. c3 O-O 7. Nbd2 Bg4
8. Re1 Qd7 9. Ne5 Qf5 10. Nxg4 Nxg4 11. Nf3 e5 12. h3 Nf6 13. Qa4 Na6 14. g4
Qe6 15. d4 e4 16. Ne5 Ne8 17. g5 Bxe5 18. dxe5 Qxe5 19. f4 Qd6 20. Be3 f6 21.
Rad1 fxg5 22. fxg5 Qg3 23. Qd4 Ng7 24. Qd2 Rf5 25. Rf1 Rxf1+ 26. Rxf1 Ne6 27.
Qe1 Qxe3+ 0-1

[Event "Michigan Senior"]
[Site "Ann Arbor, MI"]
[Date "1997.??.??"]
[Round "3.3"]
[White "Levadi, David"]
[Black "Pence, Mark"]
[Result "1/2-1/2"]
[WhiteElo "1900"]
[BlackElo "2065"]
[PlyCount "79"]
[EventDate "1997.??.??"]

{3/(3)} 1. d3 e5 2. Nf3 Nc6 3. c4 Nf6 4. g3 d5 5. cxd5 Nxd5 6. Bg2 Be7 7. O-O
Be6 8. Nc3 O-O 9. Bd2 Nb6 10. Qc1 f6 11. Rd1 Qc8 12. Be1 Rd8 13. Ne4 Nd7 14. d4
Nxd4 15. Nxd4 exd4 16. Rxd4 c6 17. Nd6 Bxd6 18. Rxd6 Nb6 19. Rxd8+ Qxd8 20. Qc2
Qe8 21. b3 Rd8 22. Rd1 Bf7 23. e4 Bg6 24. Rxd8 Qxd8 25. Qd2 Qd7 26. f3 h6 27.
Qxd7 Nxd7 28. Bf2 b6 29. f4 c5 30. Bh3 Nb8 31. f5 Bf7 32. Bf1 Nc6 33. Be1 a5
34. Kf2 a4 35. bxa4 Bxa2 36. Bc3 Kf8 37. Ke1 Bb3 38. Bb5 Na7 39. e5 Nxb5 40.
axb5 1/2-1/2

[Event "Kalamazoo (MI Am/1/7)"]
[Site "?"]
[Date "1997.??.??"]
[Round "?"]
[White "Levadi, David"]
[Black "Evans Sr., Thomas"]
[Result "1-0"]
[WhiteElo "1900"]
[BlackElo "1605"]
[PlyCount "111"]
[EventDate "1997.??.??"]

{1/(7)} 1. Nf3 e6 2. g3 d5 3. Bg2 Nf6 4. d3 Be7 5. O-O O-O 6. Nbd2 c5 7. e4 Nc6
8. c3 Nd7 9. Re1 Nce5 10. Qc2 c4 11. Nxe5 Nxe5 12. d4 Nd3 13. Re3 Bg5 14. f4
Bh6 15. b3 b5 16. Ba3 Re8 17. e5 Bd7 18. Bd6 g6 19. Bf1 Nxf4 20. gxf4 Bxf4 21.
Re2 Qg5+ 22. Rg2 Be3+ 23. Kh1 Qf4 24. Re1 Rac8 25. b4 Rc6 26. Nb1 Qh6 27. Rg3
Bg5 28. Rh3 Qg7 29. Qg2 Bd8 30. Na3 Ra6 31. Qb2 f6 32. Nb1 Be7 33. Bxe7 Qxe7
34. a3 fxe5 35. Rxe5 Qf6 36. Bg2 Qd8 37. Rf3 Rf8 38. Qd2 Rxf3 39. Bxf3 Qf6 40.
Kg2 Rc6 41. Qg5 Qf7 42. Qe3 h5 43. Bd1 Rc8 44. Bc2 Rf8 45. Nd2 Kg7 46. Rg5 Kh8
47. Qe5+ Qf6 48. Bxg6 Qxe5 49. Rxe5 Rg8 50. Rxh5+ Kg7 51. Bc2 Kf6+ 52. Kf2 Be8
53. Rh6+ Kg5 54. Rxe6 Rf8+ 55. Kg3 Bh5 56. h4# 1-0

[Event "Michigan Senior"]
[Site "Ann Arbor, MI"]
[Date "1997.??.??"]
[Round "2.7"]
[White "Levadi, David"]
[Black "Dolin, Jack"]
[Result "1-0"]
[WhiteElo "1900"]
[BlackElo "1605"]
[PlyCount "59"]
[EventDate "1997.??.??"]

{2/(7)} 1. Nf3 d5 2. g3 c5 3. Bg2 Nc6 4. d4 cxd4 5. Nxd4 e6 6. O-O Nf6 7. c4
Bc5 8. Nb3 Bb6 9. cxd5 Nxd5 10. e4 Nf6 11. Qe2 O-O 12. Rd1 Qe7 13. Be3 Bxe3 14.
Qxe3 e5 15. Nc3 Ng4 16. Qe2 Be6 17. Nd5 Qg5 18. h3 Nf6 19. Nc7 Bxb3 20. axb3
Rac8 21. h4 Qg6 22. Nd5 Rfe8 23. Nxf6+ Qxf6 24. Rd7 Nd4 25. Qf1 Qc6 26. Rd5 Qc2
27. Qb1 Ne2+ 28. Kf1 Qc1+ 29. Kxe2 Rc2+ 30. Kf3 1-0

[Event "Lansing (MI Op/3/25)"]
[Site "?"]
[Date "1997.??.??"]
[Round "?"]
[White "Laumer, H."]
[Black "Thomas, Johnny"]
[Result "1/2-1/2"]
[WhiteElo "1785"]
[BlackElo "1895"]
[PlyCount "80"]
[EventDate "1997.??.??"]

{3/(25)} 1. e4 c5 2. Nf3 Nc6 3. d4 cxd4 4. Nxd4 d6 5. c4 e5 6. Nb3 Be6 7. Nc3
Nf6 8. Bg5 h6 9. Bxf6 Qxf6 10. Nd5 Qd8 11. Be2 Be7 12. O-O O-O 13. Nd2 f5 14.
exf5 Bxf5 15. Bf3 Nd4 16. Be4 Bg5 17. Bxf5 Nxf5 18. Nf3 Nh4 19. Nxh4 Bxh4 20.
Qg4 Bg5 21. Rad1 Rc8 22. g3 h5 23. Qe4 Qd7 24. h4 Bh6 25. b3 Rce8 26. Nc3 Rf6
27. Qd5+ Kh8 28. Ne4 Rf3 29. Kg2 Qg4 30. Nxd6 Ref8 31. Rd3 Rxd3 32. Qxd3 Rf4
33. f3 Qe6 34. gxf4 Bxf4 35. Nxb7 Qc6 36. Qd5 Qg6+ 37. Kh1 Qg3 38. Qd8+ Kh7 39.
Qd3+ Kh6 40. Qd6+ Kh7 1/2-1/2

[Event "Lansing (MI Op/1a/12)"]
[Site "?"]
[Date "1997.??.??"]
[Round "?"]
[White "Laumer, H."]
[Black "Sellers, Matt"]
[Result "0-1"]
[WhiteElo "1750"]
[BlackElo "2005"]
[PlyCount "30"]
[EventDate "1997.??.??"]

1. e4 c6 2. d4 d5 3. e5 Bf5 4. c4 e6 5. g4 Be4 6. f3 Bg6 7. h4 h5 8. g5 Ne7 9.
Nc3 Nd7 10. b4 dxc4 11. Bxc4 Nb6 12. Bb3 Nf5 13. Nge2 Bxb4 14. O-O Bxc3 15.
Nxc3 Qxd4+ 0-1

[Event "Lansing (MI Op/6/24)"]
[Site "?"]
[Date "1997.??.??"]
[Round "?"]
[White "Laumer, H."]
[Black "Brumley, Ron"]
[Result "1-0"]
[WhiteElo "1785"]
[BlackElo "1605"]
[PlyCount "126"]
[EventDate "1997.??.??"]

{6/(24)} 1. e4 c5 2. Nf3 d6 3. c4 Nf6 4. Nc3 g6 5. d4 cxd4 6. Nxd4 Bg7 7. Be2
O-O 8. O-O Nc6 9. Be3 Bd7 10. a3 a6 11. b4 Nxd4 12. Bxd4 Rb8 13. e5 dxe5 14.
Bxe5 Rc8 15. Rc1 Be6 16. c5 a5 17. Bf3 axb4 18. axb4 b6 19. Bb7 bxc5 20. Bxc8
Qxc8 21. bxc5 Qxc5 22. Bxf6 Bxf6 23. Ne4 Qf5 24. Nxf6+ exf6 25. Qd4 Kg7 26. Rc5
Qg4 27. Qxg4 Bxg4 28. f3 Be6 29. Re1 g5 30. f4 Rc8 31. Rxc8 Bxc8 32. Kf2 h5 33.
Ke3 Kg6 34. g3 Kf5 35. Rf1 Kg6 36. h4 Be6 37. Ke4 gxh4 38. f5+ Bxf5+ 39. Rxf5
hxg3 40. Rf3 h4 41. Rf4 Kg5 42. Kf3 f5 43. Rb4 f6 44. Ra4 Kh5 45. Ra8 Kg6 46.
Rh8 Kg5 47. Rh7 f4 48. Rh8 f5 49. Rh7 Kf6 50. Rxh4 Ke5 51. Rh8 Kf6 52. Kxf4 Kg7
53. Rh1 Kg6 54. Rg1 Kf6 55. Rxg3 Ke6 56. Rg5 Kf6 57. Rxf5+ Ke6 58. Ke4 Kd6 59.
Re5 Kc6 60. Rd5 Kc7 61. Kd4 Kc6 62. Kc4 Kb6 63. Rc5 Kb7 1-0

[Event "Lansing (MI Op/4/12)"]
[Site "?"]
[Date "1997.??.??"]
[Round "?"]
[White "LaForge, Tom"]
[Black "Thomas, Henry"]
[Result "1-0"]
[WhiteElo "2010"]
[BlackElo "1800"]
[PlyCount "36"]
[EventDate "1997.??.??"]

{4/(12)} 1. e4 e5 2. Bc4 Nf6 3. d3 d5 4. exd5 Nxd5 5. Nf3 Nc6 6. O-O Bc5 7. Re1
Bg4 8. h3 Bxf3 9. Qxf3 Nf6 10. Bg5 O-O 11. Bxf6 Qxf6 12. Qxf6 gxf6 13. Nc3 Nd4
14. Rac1 Bb4 15. a3 Ba5 16. b4 Bb6 17. Nd5 Kg7 18. c3 c6 1-0

[Event "Lansing (MI Op/7/11)"]
[Site "?"]
[Date "1997.??.??"]
[Round "?"]
[White "LaForge, Tom"]
[Black "Sobocinski, Mike"]
[Result "1-0"]
[WhiteElo "2010"]
[BlackElo "1945"]
[PlyCount "44"]
[EventDate "1997.??.??"]

{7/(11)} 1. e4 c6 2. d4 d5 3. e5 Bf5 4. Nc3 e6 5. g3 Bg6 6. Nge2 c5 7. h4 cxd4
8. Nxd4 h6 9. h5 Bh7 10. Bd3 Bxd3 11. Qxd3 Ne7 12. Be3 Nec6 13. f4 Be7 14.
O-O-O Nxd4 15. Bxd4 Nc6 16. Kb1 Nxd4 17. Qxd4 Qa5 18. f5 Rc8 19. fxe6 fxe6 20.
Rhf1 Rc4 21. Qd3 Kd8 22. Nxd5 exd5 1-0

[Event "Michigan Senior"]
[Site "Ann Arbor, MI"]
[Date "1997.??.??"]
[Round "4.3"]
[White "LaForge, Tom"]
[Black "Levadi, David"]
[Result "1-0"]
[WhiteElo "1965"]
[BlackElo "1900"]
[PlyCount "67"]
[EventDate "1997.??.??"]

{4/(3)} 1. e4 Nc6 2. Bc4 Nf6 3. Nc3 Nxe4 4. Bxf7+ Kxf7 5. Qh5+ g6 6. Qd5+ e6 7.
Qxe4 Bg7 8. Nf3 Rf8 9. d4 d5 10. Qd3 Kg8 11. Bg5 Rxf3 12. gxf3 Qxg5 13. Ne2 Nb4
14. Qc3 Qe7 15. a3 Na6 16. O-O-O c5 17. Qe3 Bd7 18. h4 cxd4 19. Nxd4 Bf6 20. h5
e5 21. Ne2 d4 22. Qb3+ Be6 23. Qb5 g5 24. Ng3 Qf7 25. Ne4 Bh8 26. Nxg5 Qf4+ 27.
Kb1 Bc8 28. Rdg1 Kf8 29. Nxh7+ Ke7 30. h6 Qxf3 31. Ng5 Qc6 32. Qd3 Qf6 33. Qh7+
Kf8 34. Ne4 1-0

[Event "Michigan Senior"]
[Site "Ann Arbor, MI"]
[Date "1997.??.??"]
[Round "2.5"]
[White "LaForge, Tom"]
[Black "Carr, J."]
[Result "1-0"]
[WhiteElo "1965"]
[BlackElo "1700"]
[PlyCount "81"]
[EventDate "1997.??.??"]

{2/(5)} 1. e4 c5 2. Nf3 Nf6 3. e5 Nd5 4. Nc3 e6 5. Nxd5 exd5 6. d4 d6 7. Bb5+
Bd7 8. Bxd7+ Qxd7 9. O-O Nc6 10. exd6 Bxd6 11. Re1+ Ne7 12. dxc5 Bxc5 13. Ne5
Qf5 14. Be3 Bd6 15. Bd4 O-O 16. Re3 Bxe5 17. Rxe5 Qd7 18. Qf3 Rad8 19. Rg5 Ng6
20. Bxa7 f6 21. Rh5 Ne5 22. Qh3 g6 23. Qxd7 Rxd7 24. Rh4 Nc6 25. Be3 Re8 26. c3
g5 27. Ra4 Kg7 28. Kf1 Kg6 29. Re1 f5 30. Bd4 Rxe1+ 31. Kxe1 f4 32. Kd2 Nxd4
33. Rxd4 Kf5 34. c4 Ke5 35. Rxd5+ Rxd5+ 36. cxd5 Kxd5 37. Kd3 g4 38. h3 h5 39.
a3 g3 40. f3 b6 41. b3 1-0

[Event "Lansing (MI Op/4/10)"]
[Site "?"]
[Date "1997.??.??"]
[Round "?"]
[White "LaFata, Sam"]
[Black "Sobocinski, Mike"]
[Result "0-1"]
[WhiteElo "2045"]
[BlackElo "1945"]
[PlyCount "56"]
[EventDate "1997.??.??"]

{4/(10)} 1. d4 d5 2. Nf3 Nf6 3. e3 g6 4. c4 e6 5. Nc3 Bg7 6. Qb3 O-O 7. Bd2 b6
8. cxd5 exd5 9. Ne5 Bb7 10. Qa4 c6 11. Bd3 Re8 12. Rc1 Nfd7 13. Nxd7 Nxd7 14.
O-O Nf6 15. Ba6 b5 16. Nxb5 Bxa6 17. Qxa6 cxb5 18. Ba5 Qd7 19. Rc7 Qe6 20. Rc6
Qf5 21. Rfc1 Ng4 22. R6c2 Bh6 23. Qxb5 Nxe3 24. Re2 Reb8 25. Qa4 Nxg2 26. Rc3
Nf4 27. Re1 Qg4+ 28. Rg3 Ne2+ 0-1

[Event "Lansing (MI Op/6/9)"]
[Site "?"]
[Date "1997.??.??"]
[Round "?"]
[White "LaFata, Sam"]
[Black "Skidmore, Mike"]
[Result "1-0"]
[WhiteElo "2045"]
[BlackElo "1950"]
[PlyCount "81"]
[EventDate "1997.??.??"]

{6/(9)} 1. d4 c6 2. Nf3 d5 3. e3 Bg4 4. c4 Nf6 5. Qb3 Qb6 6. Nc3 Qxb3 7. axb3
e6 8. Be2 Bf5 9. c5 Nbd7 10. b4 Be7 11. b5 O-O 12. b4 cxb5 13. Nxb5 a6 14. Nc3
b5 15. Bd2 Ne4 16. O-O Nxc3 17. Bxc3 Bc2 18. Ra3 Rfc8 19. Rfa1 Ba4 20. Kf1 f6
21. Ke1 Nb8 22. Nd2 f5 23. Nb3 Nc6 24. Kd2 Bf6 25. f4 Rd8 26. Kc1 Rdc8 27. Kb1
g5 28. g3 Kf7 29. Rxa4 bxa4 30. Rxa4 Rab8 31. Na5 Nxa5 32. Rxa5 gxf4 33. exf4
Rxb4+ 34. Bxb4 Rb8 35. Bxa6 Rxb4+ 36. Kc2 Bxd4 37. c6 Bb6 38. Ra3 Ke7 39. Rb3
Rxb3 40. Kxb3 Bg1 41. c7 1-0

[Event "Lansing (MI Op/2/11)"]
[Site "?"]
[Date "1997.??.??"]
[Round "?"]
[White "LaFata, Sam"]
[Black "Grossman, Jay"]
[Result "1/2-1/2"]
[WhiteElo "2045"]
[BlackElo "1860"]
[PlyCount "55"]
[EventDate "1997.??.??"]

{2/(11)} 1. d4 Nf6 2. Nf3 g6 3. Bf4 Bg7 4. e3 c5 5. c3 cxd4 6. exd4 O-O 7. h3
d5 8. Nbd2 Nc6 9. Bh2 Qb6 10. Qb3 Qa5 11. Bd3 a6 12. O-O b5 13. a4 b4 14. Rfe1
Ra7 15. c4 dxc4 16. Bxc4 Qd8 17. Be5 a5 18. Rad1 e6 19. Ne4 Nxe4 20. Rxe4 Bb7
21. Bxg7 Kxg7 22. d5 exd5 23. Bxd5 Qf6 24. Qc2 Rc8 25. Rc4 Ne7 26. Bxb7 Rxc4
27. Qxc4 Rxb7 28. Rd2 1/2-1/2

[Event "Kalamazoo (MI Am/3/21)"]
[Site "?"]
[Date "1997.??.??"]
[Round "?"]
[White "Kyser, Bob"]
[Black "Scioly, Tony"]
[Result "0-1"]
[WhiteElo "1605"]
[BlackElo "1605"]
[PlyCount "60"]
[EventDate "1997.??.??"]

{3/(21)} 1. Nf3 Nf6 2. c4 e6 3. d4 d5 4. Bg5 Nbd7 5. e3 Be7 6. Nbd2 O-O 7. Qb3
c5 8. Bxf6 Nxf6 9. Ne5 Nd7 10. cxd5 Nxe5 11. dxe5 exd5 12. O-O-O c4 13. Qc3 Bf5
14. e4 d4 15. Qf3 Be6 16. Nxc4 Rc8 17. b3 b5 18. Qd3 bxc4 19. bxc4 Bxc4 20.
Qxd4 Be2+ 21. Kb2 Bxd1 22. Qxd8 Rfxd8 23. Bb5 Rb8 24. a4 a6 25. Kc1 Rbc8+ 26.
Kb2 axb5 27. f4 Rd2+ 28. Kb1 Ba3 29. Rxd1 Rxd1+ 30. Ka2 b4 0-1

[Event "Tecumseh (RVO/4/19)"]
[Site "?"]
[Date "1997.??.??"]
[Round "?"]
[White "Kyser, Bob"]
[Black "Norwood, Wayne"]
[Result "1-0"]
[WhiteElo "1605"]
[BlackElo "1605"]
[PlyCount "53"]
[EventDate "1997.??.??"]

{4/(19)} 1. d4 e6 2. Nf3 Nf6 3. Bg5 h6 4. Bh4 Be7 5. Nc3 O-O 6. e4 Nc6 7. Bxf6
Bxf6 8. e5 Bg5 9. h4 Be7 10. g4 b6 11. a3 d5 12. Bd3 Bb7 13. Qd2 Bc5 14. Ne2
Qe7 15. h5 Bxd4 16. Nexd4 a6 17. Nxc6 Bxc6 18. Nd4 Qd7 19. g5 Bb7 20. gxh6 f6
21. hxg7 Qxg7 22. O-O-O fxe5 23. Rhg1 exd4 24. Rxg7+ Kxg7 25. Qg5+ Kh8 26. Qh6+
Kg8 27. Qh7# 1-0

[Event "Tecumseh (RVO/2/9)"]
[Site "?"]
[Date "1997.??.??"]
[Round "?"]
[White "Kyser, Bob"]
[Black "Hill, Brad"]
[Result "0-1"]
[WhiteElo "1605"]
[BlackElo "1815"]
[PlyCount "104"]
[EventDate "1997.??.??"]

{2/(9)} 1. d4 Nf6 2. Bg5 c5 3. Bxf6 gxf6 4. d5 Qb6 5. Qc1 f5 6. c4 Bg7 7. Nc3
Qf6 8. e3 a6 9. Bd3 d6 10. Nge2 Nd7 11. f4 e5 12. dxe6 fxe6 13. e4 Qh4+ 14. Ng3
Bd4 15. Qd2 Nf6 16. exf5 Ng4 17. O-O-O Be3 18. fxe6 Bxd2+ 19. Rxd2 O-O 20. Nf5
Rxf5 21. Bxf5 Ne3 22. g3 Qf6 23. Nd5 Nxd5 24. Rxd5 Bxe6 25. Bxe6+ Qxe6 26. Rhd1
Qe3+ 27. R1d2 Rd8 28. Kd1 Qe4 29. Rg5+ Kf7 30. b3 h6 31. Rgd5 Qb1+ 32. Ke2 Re8+
33. Kf3 Qe4+ 34. Kf2 Qe1+ 35. Kf3 h5 36. Kg2 Re2+ 37. Rxe2 Qxe2+ 38. Kh3 Qf1+
39. Kh4 Qe2 40. Rxh5 Qxh2+ 41. Kg4 Qe2+ 42. Kg5 Qe7+ 43. Kg4 Qe6+ 44. f5 Qe2+
45. Kh4 Qe4+ 46. Kg5 b5 47. Rh7+ Kg8 48. Rh4 Qe3+ 49. Kh5 Kf7 50. Rg4 Qf3 51.
Kg5 Qe2 52. Kh5 Kf6 0-1

[Event "Kalamazoo (MI Am/1/14)"]
[Site "?"]
[Date "1997.??.??"]
[Round "?"]
[White "Kyser, Bob"]
[Black "DeRyke, S."]
[Result "0-1"]
[WhiteElo "1605"]
[BlackElo "1800"]
[PlyCount "82"]
[EventDate "1997.??.??"]

{1/(14)} 1. d4 Nf6 2. c4 g6 3. Nc3 Bg7 4. e4 d6 5. Nf3 O-O 6. Bd3 Nc6 7. a3 e5
8. d5 Ne7 9. O-O Bg4 10. h3 Bd7 11. Bd2 Qc8 12. Ng5 Ne8 13. Kh2 f6 14. Nf3 f5
15. Nh4 f4 16. Be2 Nf6 17. Rc1 g5 18. Nf3 g4 19. Ng5 h6 20. Ne6 Bxe6 21. dxe6
gxh3 22. gxh3 Qxe6 23. Nd5 Nexd5 24. cxd5 Qe7 25. Rg1 Nxe4 26. Be1 Ng5 27. Bg4
f3 28. Be6+ Nxe6 29. dxe6 c6 30. Rc3 e4 31. Rb3 d5 32. Qd2 Kh7 33. Qb4 Be5+ 34.
Kh1 Qxe6 35. Qxb7+ Rf7 36. Rg4 Rxb7 37. Rxb7+ Kh8 38. Bc3 Bxc3 39. bxc3 Rg8 40.
Rg3 Rxg3 41. Rb8+ Rg8 0-1

[Event "Lansing (MI Op/6/13)"]
[Site "?"]
[Date "1997.??.??"]
[Round "?"]
[White "Kulbacki, James"]
[Black "Vandivier, Don"]
[Result "1-0"]
[WhiteElo "2005"]
[BlackElo "1950"]
[PlyCount "81"]
[EventDate "1997.??.??"]

{6/(13)} 1. c4 Nf6 2. Nc3 c5 3. Nf3 Nc6 4. d4 cxd4 5. Nxd4 g6 6. e4 d6 7. Be2
Bg7 8. Be3 O-O 9. O-O a6 10. f3 Bd7 11. Qd2 Nxd4 12. Bxd4 Bc6 13. Rfd1 Qc7 14.
Rac1 Rfd8 15. Nd5 Bxd5 16. cxd5 Qd7 17. Rc3 Rdc8 18. Rdc1 Rxc3 19. Qxc3 Qa4 20.
Bd1 Qd7 21. a4 e5 22. dxe6 Qxe6 23. Bb3 Qe7 24. a5 Ne8 25. Bxg7 Nxg7 26. Qc7
Re8 27. Ba4 Qxc7 28. Rxc7 Ne6 29. Rxb7 Rc8 30. Bb3 Rc1+ 31. Kf2 Nc5 32. Bxf7+
Kf8 33. Ra7 Rc2+ 34. Kg3 Rxb2 35. Bc4 Rb7 36. Ra8+ Kg7 37. Bxa6 Rb3 38. Ra7+
Kf6 39. Bc4 Nxe4+ 40. Kf4 g5+ 41. Kxe4 1-0